000 00470nam a2200181Ia 4500
001 18550
005 20260306171639.0
008 260306s9999||||xx |||||||||||||| ||und||
041 _aESP
082 _a658.408
_bM26
100 _aMarquis, Christopher,
_eAUT
245 0 _aBetter business :
_bhow the B corp movement is remaking capitalism
260 _c2020
300 _axv, 293 páginas :
_c22 cm.
650 _aGEN
654 _aCAN
942 _cLIB
_dJUS
_fJUS
_2ddc
_n
999 _c18550
_d18550